| 000 | 01227cam a2200253 a 4500 | ||
|---|---|---|---|
| 999 |
_c57915 _d57915 |
||
| 001 | 1163037 | ||
| 005 | 20221107154549.0 | ||
| 008 | 960612s2010 nyua b 001 0 eng | ||
| 020 | _a9780891289395 | ||
| 041 | _aeng | ||
| 080 | _a376.2 P-82 | ||
| 100 | 1 |
_aPonchillia, Paul E. _910928 |
|
| 245 | 1 | 0 |
_aFoundations of rehabilitation teaching with persons who are blind or visually impaired / _cPaul E. Ponchillia and Susan V. Ponchillia. |
| 264 |
_aNew York : _bAFB Press, _c1996. |
||
| 300 |
_a415 p. : _bill. ; _c26 cm. |
||
| 650 | 0 |
_aBlind _xRehabilitation _xStudy and teaching. _910929 |
|
| 650 | 0 |
_aPeople with visual disabilities _xRehabilitation _xStudy and teaching. _910930 |
|
| 650 | 0 |
_aRehabilitation _xStudy and teaching. _910931 |
|
| 653 | _aრეაბილიტაციის სწავლების საფუძვლები უსინათლო ან მხედველობადაქვეითებულ პირებთან | ||
| 653 | _aმედიცინა | ||
| 700 | 1 |
_aPonchillia, Susan V. _eრედაქტორი _910932 |
|
| 856 |
_uhttps://books.google.ge/books?id=cdV-9Oic5XEC&source=gbs_ViewAPI&redir_esc=y _yელ. ვერსია |
||
| 942 |
_2udc _cBK |
||